| 000 | 00709nam a2200217 a 4500 | ||
|---|---|---|---|
| 001 | 000005238 | ||
| 005 | 20240530073911.0 | ||
| 008 | 090818s2007 dr a r 000 f spa d | ||
| 020 | _a9789945068320 | ||
| 040 |
_aDO-SdBNP _bspa _cBNPHU |
||
| 082 |
_aRD863.44 _bG277b |
||
| 100 | 1 |
_aGautier, Manuel Salvador _914947 |
|
| 245 | 1 | 0 |
_aBalance de tres : _bel gabillero y los otros (novela) / _cManuel Salvador Gautier. |
| 260 |
_aSanto Domingo : _bSantuario, _c2007. |
||
| 300 |
_a190 p. : _bil. ; _c23 cm. |
||
| 586 | _aPremio de novela UCE, 2001 | ||
| 590 | _aInventariado, 2020/BT | ||
| 650 | 0 |
_aNovela dominicana _9223 |
|
| 650 | 0 |
_aLiteratura dominicana. _967 |
|
| 910 | _aValidado. Control de calidad. MMOLINA | ||
| 999 |
_c5039 _d5039 |
||